<?xml version="1.0" encoding="UTF-8"?>
<record
    xmlns:xsi="http://www.w3.org/2001/XMLSchema-instance"
    xsi:schemaLocation="http://www.loc.gov/MARC21/slim http://www.loc.gov/standards/marcxml/schema/MARC21slim.xsd"
    xmlns="http://www.loc.gov/MARC21/slim">

  <leader>01111 am a2200373 a 4500</leader>
  <controlfield tag="005">20240507084309.0</controlfield>
  <controlfield tag="008">100304s1998||||ag a   f |||| 001 0 spa d</controlfield>
  <datafield tag="020" ind1=" " ind2=" ">
    <subfield code="a">950060146X</subfield>
  </datafield>
  <datafield tag="041" ind1=" " ind2=" ">
    <subfield code="a">spa</subfield>
  </datafield>
  <datafield tag="092" ind1=" " ind2=" ">
    <subfield code="c">611.71</subfield>
    <subfield code="l">8</subfield>
    <subfield code="s">BOU</subfield>
  </datafield>
  <datafield tag="100" ind1="1" ind2=" ">
    <subfield code="a">Bouchet, Alain.</subfield>
    <subfield code="9">104</subfield>
  </datafield>
  <datafield tag="245" ind1=" " ind2=" ">
    <subfield code="a">Anatom&#xED;a Descriptiva, Topogr&#xE1;fica y Funcional.</subfield>
    <subfield code="b">Miembros Superiores /</subfield>
    <subfield code="c">Alain Bouchet</subfield>
  </datafield>
  <datafield tag="250" ind1=" " ind2=" ">
    <subfield code="a">1a ed.</subfield>
    <subfield code="b">Traducci&#xF3;n Ernesto Brik ; Germ&#xE1;n Niedfeld y Antonio M&#xE9;ndez Anell</subfield>
  </datafield>
  <datafield tag="260" ind1=" " ind2=" ">
    <subfield code="a">Buenos Aires:</subfield>
    <subfield code="b">Editorial M&#xE9;dica Panamericana;</subfield>
    <subfield code="c">1998.</subfield>
  </datafield>
  <datafield tag="300" ind1=" " ind2=" ">
    <subfield code="a">302 p.</subfield>
  </datafield>
  <datafield tag="500" ind1=" " ind2=" ">
    <subfield code="a">Bouchet, A. y Cuilleret, J. (1998). Anatom&#xED;a descriptiva, topogr&#xE1;fica y funcional. Miembros superiores. (1a ed.). Buenos Aires : Editorial M&#xE9;dica Panamericana.</subfield>
  </datafield>
  <datafield tag="653" ind1=" " ind2=" ">
    <subfield code="a">Miembros superiores</subfield>
  </datafield>
  <datafield tag="653" ind1=" " ind2=" ">
    <subfield code="a">Hombro</subfield>
  </datafield>
  <datafield tag="653" ind1=" " ind2=" ">
    <subfield code="a">Brazo</subfield>
  </datafield>
  <datafield tag="653" ind1=" " ind2=" ">
    <subfield code="a">Codo</subfield>
  </datafield>
  <datafield tag="653" ind1=" " ind2=" ">
    <subfield code="a">Antebrazo</subfield>
  </datafield>
  <datafield tag="653" ind1=" " ind2=" ">
    <subfield code="a">Mu&#xF1;eca</subfield>
  </datafield>
  <datafield tag="653" ind1=" " ind2=" ">
    <subfield code="a">Mano</subfield>
  </datafield>
  <datafield tag="700" ind1="1" ind2=" ">
    <subfield code="a">Cuilleret, Jacques.</subfield>
    <subfield code="9">105</subfield>
  </datafield>
  <datafield tag="930" ind1=" " ind2=" ">
    <subfield code="a">110</subfield>
  </datafield>
  <datafield tag="930" ind1=" " ind2=" ">
    <subfield code="a">111</subfield>
  </datafield>
  <datafield tag="930" ind1=" " ind2=" ">
    <subfield code="a">137</subfield>
  </datafield>
  <datafield tag="930" ind1=" " ind2=" ">
    <subfield code="a">651</subfield>
  </datafield>
  <datafield tag="930" ind1=" " ind2=" ">
    <subfield code="a">652</subfield>
  </datafield>
  <datafield tag="930" ind1=" " ind2=" ">
    <subfield code="a">653</subfield>
  </datafield>
  <datafield tag="930" ind1=" " ind2=" ">
    <subfield code="a">654</subfield>
  </datafield>
  <datafield tag="930" ind1=" " ind2=" ">
    <subfield code="a">655</subfield>
  </datafield>
  <datafield tag="942" ind1=" " ind2=" ">
    <subfield code="2">ddc</subfield>
    <subfield code="c">BK</subfield>
  </datafield>
  <datafield tag="999" ind1=" " ind2=" ">
    <subfield code="c">32</subfield>
    <subfield code="d">32</subfield>
  </datafield>
  <datafield tag="952" ind1=" " ind2=" ">
    <subfield code="0">0</subfield>
    <subfield code="1">0</subfield>
    <subfield code="2">ddc</subfield>
    <subfield code="4">0</subfield>
    <subfield code="7">0</subfield>
    <subfield code="8">REF</subfield>
    <subfield code="a">BFM</subfield>
    <subfield code="b">BFM</subfield>
    <subfield code="c">REF</subfield>
    <subfield code="d">2011-05-13</subfield>
    <subfield code="l">4</subfield>
    <subfield code="o">611.71 8 BOU</subfield>
    <subfield code="p">110</subfield>
    <subfield code="r">2023-05-03</subfield>
    <subfield code="s">2023-04-28</subfield>
    <subfield code="t">ej.1</subfield>
    <subfield code="w">2011-07-05</subfield>
    <subfield code="y">REF</subfield>
    <subfield code="z">LIBRO DE CONSULTA</subfield>
  </datafield>
  <datafield tag="952" ind1=" " ind2=" ">
    <subfield code="0">0</subfield>
    <subfield code="1">0</subfield>
    <subfield code="4">0</subfield>
    <subfield code="7">0</subfield>
    <subfield code="a">BFM</subfield>
    <subfield code="b">BFM</subfield>
    <subfield code="c">CR</subfield>
    <subfield code="d">2011-05-13</subfield>
    <subfield code="l">43</subfield>
    <subfield code="m">2</subfield>
    <subfield code="o">611.71 8 BOU</subfield>
    <subfield code="p">111</subfield>
    <subfield code="r">2026-04-15</subfield>
    <subfield code="s">2026-04-07</subfield>
    <subfield code="t">ej.2</subfield>
    <subfield code="w">2011-05-13</subfield>
    <subfield code="y">BK</subfield>
  </datafield>
  <datafield tag="952" ind1=" " ind2=" ">
    <subfield code="0">0</subfield>
    <subfield code="1">0</subfield>
    <subfield code="2">ddc</subfield>
    <subfield code="4">0</subfield>
    <subfield code="7">0</subfield>
    <subfield code="8">REF</subfield>
    <subfield code="a">BFM</subfield>
    <subfield code="b">BFM</subfield>
    <subfield code="c">REF</subfield>
    <subfield code="d">2011-05-13</subfield>
    <subfield code="l">6</subfield>
    <subfield code="m">10</subfield>
    <subfield code="o">611.71 8 BOU</subfield>
    <subfield code="p">137</subfield>
    <subfield code="r">2026-04-20</subfield>
    <subfield code="s">2026-04-13</subfield>
    <subfield code="t">ej.3</subfield>
    <subfield code="w">2011-07-05</subfield>
    <subfield code="y">REF</subfield>
    <subfield code="z">LIBRO DE CATEDRA</subfield>
  </datafield>
  <datafield tag="952" ind1=" " ind2=" ">
    <subfield code="0">0</subfield>
    <subfield code="1">0</subfield>
    <subfield code="4">0</subfield>
    <subfield code="7">0</subfield>
    <subfield code="a">BFM</subfield>
    <subfield code="b">BFM</subfield>
    <subfield code="c">CR</subfield>
    <subfield code="d">2011-05-13</subfield>
    <subfield code="l">40</subfield>
    <subfield code="m">5</subfield>
    <subfield code="o">611.71 8 BOU</subfield>
    <subfield code="p">651</subfield>
    <subfield code="r">2026-04-22</subfield>
    <subfield code="s">2026-04-15</subfield>
    <subfield code="t">ej.4</subfield>
    <subfield code="w">2011-05-13</subfield>
    <subfield code="y">BK</subfield>
  </datafield>
  <datafield tag="952" ind1=" " ind2=" ">
    <subfield code="0">0</subfield>
    <subfield code="1">0</subfield>
    <subfield code="4">0</subfield>
    <subfield code="7">0</subfield>
    <subfield code="a">BFM</subfield>
    <subfield code="b">BFM</subfield>
    <subfield code="c">CR</subfield>
    <subfield code="d">2011-05-13</subfield>
    <subfield code="l">36</subfield>
    <subfield code="m">2</subfield>
    <subfield code="o">611.71 8 BOU</subfield>
    <subfield code="p">652</subfield>
    <subfield code="r">2025-03-06</subfield>
    <subfield code="s">2025-02-28</subfield>
    <subfield code="t">ej.5</subfield>
    <subfield code="w">2011-05-13</subfield>
    <subfield code="y">BK</subfield>
  </datafield>
  <datafield tag="952" ind1=" " ind2=" ">
    <subfield code="0">0</subfield>
    <subfield code="1">0</subfield>
    <subfield code="4">0</subfield>
    <subfield code="7">0</subfield>
    <subfield code="a">BFM</subfield>
    <subfield code="b">BFM</subfield>
    <subfield code="c">CR</subfield>
    <subfield code="d">2011-05-13</subfield>
    <subfield code="l">29</subfield>
    <subfield code="m">1</subfield>
    <subfield code="o">611.71 8 BOU</subfield>
    <subfield code="p">653</subfield>
    <subfield code="r">2023-12-18</subfield>
    <subfield code="s">2023-11-22</subfield>
    <subfield code="t">ej.6</subfield>
    <subfield code="w">2011-05-13</subfield>
    <subfield code="y">BK</subfield>
  </datafield>
  <datafield tag="952" ind1=" " ind2=" ">
    <subfield code="0">0</subfield>
    <subfield code="1">0</subfield>
    <subfield code="4">0</subfield>
    <subfield code="7">0</subfield>
    <subfield code="a">BFM</subfield>
    <subfield code="b">BFM</subfield>
    <subfield code="c">CR</subfield>
    <subfield code="d">2011-05-13</subfield>
    <subfield code="l">16</subfield>
    <subfield code="m">2</subfield>
    <subfield code="o">611.71 8 BOU</subfield>
    <subfield code="p">654</subfield>
    <subfield code="r">2025-04-22</subfield>
    <subfield code="s">2025-04-11</subfield>
    <subfield code="t">ej.7</subfield>
    <subfield code="w">2011-05-13</subfield>
    <subfield code="y">BK</subfield>
  </datafield>
  <datafield tag="952" ind1=" " ind2=" ">
    <subfield code="0">0</subfield>
    <subfield code="1">0</subfield>
    <subfield code="2">ddc</subfield>
    <subfield code="4">0</subfield>
    <subfield code="7">0</subfield>
    <subfield code="a">BFM</subfield>
    <subfield code="b">BFM</subfield>
    <subfield code="c">CR</subfield>
    <subfield code="d">2011-05-13</subfield>
    <subfield code="l">32</subfield>
    <subfield code="m">2</subfield>
    <subfield code="o">611.71 8 BOU</subfield>
    <subfield code="p">655</subfield>
    <subfield code="r">2025-04-28</subfield>
    <subfield code="s">2025-04-21</subfield>
    <subfield code="t">ej.8</subfield>
    <subfield code="w">2011-07-05</subfield>
    <subfield code="y">BK</subfield>
  </datafield>
  <datafield tag="952" ind1=" " ind2=" ">
    <subfield code="0">0</subfield>
    <subfield code="1">0</subfield>
    <subfield code="2">ddc</subfield>
    <subfield code="4">0</subfield>
    <subfield code="7">0</subfield>
    <subfield code="a">BFM</subfield>
    <subfield code="b">BFM</subfield>
    <subfield code="c">CR</subfield>
    <subfield code="d">2026-05-19</subfield>
    <subfield code="e">Donaci&#xF3;n mayo 2026</subfield>
    <subfield code="l">0</subfield>
    <subfield code="o">611.71 8 BOU</subfield>
    <subfield code="p">5160</subfield>
    <subfield code="r">2026-05-19</subfield>
    <subfield code="t">Ej. 9</subfield>
    <subfield code="w">2026-05-19</subfield>
    <subfield code="y">BK</subfield>
    <subfield code="z">Donaci&#xF3;n Biblioteca Central Uncoma, mayo 2026.</subfield>
    <subfield code="f"></subfield>
  </datafield>
</record>
